000 00820nmm a2200265 a 4500
001 ocm0001520609
003 TR-IsHL
005 20201028163127.0
008 170206s2015 tu tur
007 cr cn
020 _a9786055642501
035 _a1520609
_b(N$T)
050 0 4 _aPL248.A33
_bH3 2015
090 0 4 _aPL248.A33
_bH3 2015
100 1 _aAkçakaya, Zehra
245 1 0 _aHayal et ve yaşa
_h[electronic resource] /
_cZehra Akçakaya
260 _aİstanbul :
_bBilge Karınca Yayınları,
_c2015
300 _a129 p.
650 4 _aDil ve Edebiyat
650 4 _aLanguage and Literature
650 0 _aTürk şiiri
650 0 _aTurkish poetry
650 7 _aPOETRY / Middle Eastern
_2bisacsh
856 4 0 _uhttp://search.ebscohost.com/login.aspx?direct=true&scope=site&db=e011xww&AN=1520609
999 _c15175
_d15175